LDR 00685naa#a2200205#i#450# 001 EN\\bibl\121192 005 20260513015825.3 011 ## _a2409-1073 100 ## _a20141121b2014####ek#y0engy0150####ca 101 0# _aRUS 102 ## _aRU 200 1# _aAnalysis of Acting Innovation Governance System in Russia _eJournal article 210 1# _aMoscow _cNational Research University of Electronic Technology _d2014 215 ## _a5 с. 608 ## _aJournal article _2local 675 ## _aРегулирование. Регламентирование (регламентация). 332.025.12 _zRUS 700 #1 _aTihomirova _gI I 700 #1 _aGorenko _gL G 700 #1 _aAndreeva _gA A 856 4# _aesgi-journal.ru _u